Southern hemisphere countries Quiz Stats

 Plays Quiz not verified by Sporcle

Challenge
Share
Tweet
Embed
Score 0/34 Timer 10:00
0 Plays Today
Country % Correct
Australia
100%
South Africa
95.7%
Argentina
93.5%
Namibia
93.5%
Chile
93.5%
Uruguay
93.5%
Paraguay
91.3%
New Zealand
91.3%
Bolivia
89.1%
Zambia
89.1%
Zimbabwe
89.1%
Angola
87%
Mozambique
87%
Tanzania
84.8%
Fiji
84.8%
Samoa
84.8%
Peru
82.6%
Country % Correct
Madagascar
82.6%
Nauru
82.6%
Papua New Guinea
80.4%
Swaziland
80.4%
Tonga
80.4%
Tuvalu
80.4%
Lesotho
78.3%
Solomon Islands
78.3%
Vanuatu
78.3%
Mauritius
76.1%
Malawi
73.9%
Rwanda
73.9%
Botswana
71.7%
Burundi
71.7%
Comoros
69.6%
Seychelles
69.6%
East Timor
60.9%

You're not logged in!

Compare scores with friends on all Sporcle quizzes.
Join for Free
OR
Log In

You Might Also Like...

Show Comments

Extras

Top Quizzes Today


Score Distribution

Your Account Isn't Verified!

In order to create a playlist on Sporcle, you need to verify the email address you used during registration. Go to your Sporcle Settings to finish the process.

Report this User

Report this user for behavior that violates our Community Guidelines.

Details: